Dana Hlavatá spisovateľka, scénáristka : informačný leták

Bibliographic Details
Other Authors: Karabová, Lucia (Compiler)
Format: Book
Language:Slovak
PhysicalDescription:1 zložený list (6 strán) fotografie 21 x 30 cm, zložené na 21 x 10 cm
Published: Trnava Knižnica Juraja Fándlyho v Trnave 2024
ISBN:9788069073036
Subjects:

MARC

LEADER 00000nam a2200000 4500
001 vtls012272658
003 SK-MaSNL
005 20260331212610.0
008 250305s2024 xo o g b 000 0dslo
020 |a 9788069073036  |q (brožované) 
040 |a SNK  |b slo  |c SNK  |e rda 
041 0 |a slo 
043 |a e-xo--- 
044 |a xo  |c SK 
072 7 |a 811.162.4  |x Slovenčina  |2 konspekt 
100 1 |a Karabová, Lucia  |4 com  |9 625188 
245 1 0 |a Dana Hlavatá  |b spisovateľka, scénáristka : informačný leták  |c zostavila: Lucia Karabová 
264 1 |a Trnava  |b Knižnica Juraja Fándlyho v Trnave  |c 2024 
300 |a 1 zložený list (6 strán)  |b fotografie  |c 21 x 30 cm, zložené na 21 x 10 cm 
336 |a text  |b txt  |2 rdacontent 
337 |a bez média  |b n  |2 rdamedia 
338 |a zväzok  |b nc  |2 rdacarrier 
366 |e 15 kusov 
600 1 7 |a Hlavatá, Dana,  |d 1957-  |2 SNKPH  |9 158968 
651 7 |a Slovensko  |2 SNKPH  |9 14231 
651 7 |a Slovakia  |2 SNKPHeng  |9 92630 
852 |a Slovenská národná knižnica 
919 |a 978-80-69073-03-6 
954 |a odborná, vedecká literatúra pôvodná (slovenská)  |2 lita 
999 |c 960372  |d 962302 
952 |a SNK  |b SNK  |y NEVYP  |7 1  |p 17A1565773  |o snkOSC 30631  |i snk2025/4052  |8 0  |0 0  |1 0  |4 0  |d 2025-03-05  |l 0  |r 2026-02-24 10:17:08  |w 2026-02-24